Prager guide to the psychology of gender/ (Record no. 153088)

MARC details
000 -LEADER
fixed length control field 00685nam a22001937a 4500
005 - DATE AND TIME OF LATEST TRANSACTION
control field 20180820120250.0
010 ## - LCCN (DPL NO)
LC control number B-168547
020 ## - INTERNATIONAL STANDARD BOOK NUMBER
International Standard Book Number 9780275982447
Terms of availability 700.00
035 ## - SYSTEM CONTROL NUMBER
System control number B-168547, B-168549
037 ## - SOURCE OF ACQUISITION
Stock number dpl
Source of stock number/acquisition Prager Publication
082 ## - DEWEY DECIMAL CLASSIFICATION NUMBER
Classification number 155.33
245 ## - TITLE STATEMENT
Title Prager guide to the psychology of gender/
Statement of responsibility, etc edited by Michele A. Paludi
260 ## - PUBLICATION, DISTRIBUTION, ETC. (IMPRINT)
Place of publication, distribution, etc Westport
Name of publisher, distributor, etc Prager Publication
Date of publication, distribution, etc 2004
270 ## - ADDRESS
Address 88 Post Road West, Westport
City Westport
Postal code CT 06881
300 ## - PHYSICAL DESCRIPTION
Extent xxxi, 313p.
Dimensions 23cm(Pb)
700 ## - ADDED ENTRY--PERSONAL NAME
Personal name Paludi, Michele A.
942 ## - ADDED ENTRY ELEMENTS (KOHA)
Source of classification or shelving scheme Dewey Decimal Classification
Item type English Books
Classification part 155.33
Call number suffix PRA
Holdings
Withdrawn status Lost status Not for loan Collection code Home library Current library Date acquired Full call number Barcode Koha item type Source of acquisition Cost, normal purchase price Cost, replacement price
      Non-fiction Sarojini Nagar Sarojini Nagar 26/06/2018 155.33 PRA B-168547 English Books      
      Non-fiction Shahdara Branch Shahdara Branch 20/08/2018 155.33 PRA B-168549 English Books BPPD/PUB 700.00 700.00

© Delhi Public Library
Hit Counter
free hit counter